[Event "Bonn GSK"]
[Site "Bonn"]
[Date "1994.??.??"]
[Round "8"]
[White "Kengis, Edvins"]
[Black "Romanishin, Oleg M"]
[Result "1-0"]
[WhiteElo "2565"]
[BlackElo "2590"]
[Annotator "Von Gleich,A"]
[PlyCount "77"]
[EventDate "1994.??.??"]
[EventType "tourn"]
[EventRounds "9"]
[EventCountry "GER"]
[EventCategory "12"]
[SourceTitle "CBM 040"]
[Source "ChessBase"]
[SourceDate "1994.06.01"]
[SourceVersion "1"]
[SourceVersionDate "1994.06.01"]
[SourceQuality "1"]

1. Nf3 Nf6 2. g3 d5 3. Bg2 g6 4. c4 dxc4 5. Qa4+ Nbd7 (5... Nfd7 {
Kengis-Romanischin, Tilburg 1992}) 6. Qxc4 Bg7 7. d3 O-O 8. O-O c6 9. Nc3 e5
10. Be3 Nb6 11. Qb3 (11. Bxb6 $2 Qxb6 12. Nxe5 Be6 13. Na4 Qa5 14. Qf4 Nh5 $19)
11... Nbd5 12. Bd2 (12. Nxe5 $2 Nxe3 13. fxe3 Qe7 14. d4 Ng4 $17) 12... Re8 13.
Ng5 Re7 14. Rfd1 h6 15. Nf3 Qe8 (15... Nxc3 16. bxc3 $1 Qe8 17. e4 $14) 16.
Nxd5 Nxd5 (16... cxd5 17. Rac1 $14 {die schwarzen Figuren stehen unnatürlich !}
) 17. e4 Nc7 18. Be3 Nb5 (18... Bg4 19. Qxb7 Nd5 20. Qa6 Nxe3 21. fxe3 Rb8 22.
b3 $14) (18... b6 19. d4 exd4 20. Bxd4 Bxd4 21. Nxd4 c5 22. Nc2 $1 Bb7 23. Ne3
$14 Rxe4 (23... Bxe4 $2 24. Ng4 $1) 24. Qc2 Rxe3 25. fxe3 Qxe3+ 26. Qf2 $14)
19. a4 Be6 20. Qb4 Nc7 (20... a5 21. Qd2 $1 {Diesen Zug hatte Romanischin nach
eigen Angaben übersehen, als er Nb5 spielte} Nd4 22. Nxd4 exd4 23. Bxh6 $16)
21. d4 Na6 22. Qc3 (22. Qd2 $1 Bb3 23. Re1 $16) 22... Bg4 $2 (22... exd4 23.
Bxd4 Bxd4 24. Nxd4 $14) 23. dxe5 Bxf3 24. Bxf3 Bxe5 25. Qd2 $16 h5 26. Ra3 $1
b6 27. a5 c5 28. axb6 axb6 29. Bg5 Re6 30. Qe2 b5 31. Rd5 c4 32. Bg2 Kh7 (32...
b4 33. Ra1 c3 34. bxc3 Bxc3 35. Rad1 $18) (32... Rd6 $2 33. Rxe5 $1 Qxe5 34.
Bf4 Qe6 35. Bxd6 Qxd6 36. e5 $18) (32... Nb4 $2 33. Rxa8 Qxa8 34. Rd8+ $18) 33.
g4 $1 Nc7 (33... hxg4 34. Qxg4 Nc7 35. Rh3+ Kg8 36. Rxe5 Rxe5 37. Bf6 $18) 34.
Rxa8 Qxa8 35. Rd7 Qa1+ (35... Qe8 36. Rd8 Qc6 37. gxh5 $18) 36. Bf1 Kg8 37.
gxh5 Ne8 38. Qf3 Nf6 39. hxg6 $138 1-0

[Event "SWE-ch"]
[Site "Falun"]
[Date "2012.07.12"]
[Round "6"]
[White "Tikkanen, Hans"]
[Black "Hector, Jonny"]
[Result "1-0"]
[WhiteElo "2573"]
[BlackElo "2530"]
[Annotator "Ziegler,A"]
[PlyCount "61"]
[EventDate "2012.07.07"]
[EventType "tourn"]
[EventRounds "9"]
[EventCountry "SWE"]
[EventCategory "9"]
[SourceTitle "CBM 149 Extra"]
[Source "ChessBase"]
[SourceDate "2012.08.24"]
[SourceVersion "1"]
[SourceVersionDate "2012.08.24"]
[SourceQuality "1"]

1. Nf3 d5 2. c4 c6 3. g3 dxc4 4. Bg2 {So far so good, but now Jonny takes the
game inot unknown territory.} f6 {A specualtive move. It could be a good
receipt against many players, but not against Hans Tikkanen. His calculating
abilities is above par.} 5. Na3 {Looks pretty all right.} Be6 {blocking the
e-pawn must be good, or not...} (5... e5 {followed by a later Be6 was the
lesser evil.}) 6. Qc2 b5 7. b3 $1 {The classical way to meet the
"grab-the-c4-pawn-and-hold-it-to-all-cost-strategy". White is better.} Bf7 (
7... cxb3 8. axb3 {Leads to a position with a massive lead in development for
white combined with a lot of attractive squares in the centre to drop the
pieces on.}) 8. bxc4 b4 9. Nb1 {White has been temporarely pushed back, but he
now has teh a2-a3 trust to his leisure.} e5 10. a3 Nh6 11. O-O {From this
point and on it is not so easy to give any advice for Black. Jonny is doing
what he can to stay in the game.} Bg6 12. Qa4 bxa3 13. Nh4 Bh5 14. Nc3 Kf7 15.
c5 g5 16. Qb3+ Ke8 (16... Kg7 17. Qb7+ Nd7 18. Bxc6 Bxc5 19. Qxa8 Qxa8 20. Bxa8
Rxa8 21. Nf3 $18) 17. Ne4 {artistic} Nd7 18. Qe6+ Be7 19. d4 Bg4 (19... gxh4
20. Nd6+ Kf8 21. Bxh6#) 20. Nd6+ Kf8 21. Nhf5 Bxf5 22. Nxf5 Nxf5 23. Qxf5 Qc7
24. Bxg5 exd4 25. Bh6+ Ke8 26. Bg7 Kf7 27. Bxh8 Rxh8 28. Rfc1 {white is nog
giving anything away.} Ne5 29. Rxa3 Kg7 30. f4 Ng6 31. Rca1 1-0